Statistics for [路線図付き] 東京メトロ 千代田線 駅名穴埋めクイズ

Click here to take the quiz!

General Stats

  • This quiz has been taken 407 times
  • The average score is 17 of 20

Answers on the Map

Answers color-coded by a green-red scale on the quiz's map according to % correct below.
 

Answer Stats

HintAnswer% Correct
千代田線C01代々木上原
94%
千代田線C18北千住
92%
千代田線C19綾瀬
91%
千代田線C16西日暮里
90%
千代田線C03明治神宮前
90%
千代田線C11大手町
89%
千代田線C04表参道
89%
千代田線C20北綾瀬
89%
千代田線C02代々木公園
88%
千代田線C07国会議事堂前
83%
千代田線C09日比谷
83%
千代田線C05乃木坂
83%
千代田線C06赤坂
82%
千代田線C12新御茶ノ水
81%
千代田線C08霞ヶ関
79%
千代田線C10二重橋前
76%
千代田線C13湯島
74%
千代田線C17町屋
74%
千代田線C14根津
73%
千代田線C15千駄木
73%

Score Distribution

Percentile by Number Answered

Percent of People with Each Score

Your Score History

You have not taken this quiz